|
|
|
|
| LEADER |
01487nam a22003377a 4500 |
| 001 |
40148 |
| 003 |
BD-DhAAL |
| 008 |
221201t2003 ii 000 0aben d |
| 999 |
|
|
|c 45109
|d 45109
|
| 010 |
|
|
|a 83905858
|
| 020 |
|
|
|a 8180650103
|
| 040 |
|
|
|a DLC
|c DLC
|d DLC
|d BD-DhAAL
|
| 043 |
|
|
|a a-ii---
|
| 050 |
0 |
0 |
|a DS485.B493
|b S414 1983
|
| 082 |
|
|
|a 328.5414092
|2 23
|
| 100 |
1 |
|
|a সেন, মণিকুন্তলা,
|d ১৯১০-১৯৮৭.
|9 52663
|
| 245 |
1 |
0 |
|a সেদিনের কথা /
|c মণিকুন্তলা সেন.
|
| 260 |
|
|
|a কলকাতা :
|b নবপত্র প্রকাশন,
|c ২০০৩.
|
| 300 |
|
|
|a ৩০৮ পৃষ্ঠা ;
|c ২২ সে.মি.
|
| 500 |
|
|
|a In Bengali.
|
| 500 |
|
|
|a Autobiographical.
|
| 541 |
|
|
|a Donated By Akbar Ali Khan
|e 40148
|
| 600 |
1 |
0 |
|a Sena, Maṇikuntalā,
|d 1910-1987.
|9 52664
|
| 610 |
1 |
0 |
|a West Bengal (India).
|b Legislature.
|b Legislative Assembly
|x Biography.
|9 52665
|
| 650 |
|
0 |
|a Politicians
|z India
|z West Bengal
|v Biography.
|9 52666
|
| 650 |
|
0 |
|a Communists
|z India
|z West Bengal
|v Biography.
|9 52667
|
| 650 |
|
0 |
|a Legislators
|z India
|z West Bengal
|v Biography.
|9 52668
|
| 651 |
|
0 |
|a West Bengal (India)
|x Biography.
|9 52669
|
| 852 |
|
|
|a Ayesha Abed Library
|c Akbar Ali Khan Collection
|
| 942 |
|
|
|2 ddc
|c BK
|
| 952 |
|
|
|0 0
|1 0
|2 ddc
|4 0
|6 328_541409200000000_SEN
|7 1
|9 72424
|a BRACUL
|b BRACUL
|c AAKC
|d 2022-12-01
|e Donated by Akbar Ali Khan
|g 100.00
|l 0
|o 328.5414092 SEN
|p 3010040148
|r 2022-12-01
|t 1
|w 2022-12-01
|y BK
|